000 00282nam a2200121 i 4500
001 bg
245 0 _aMaterialy dla reaktorov s natrievym tepłonositelem.
260 _aMoskva,
_c1966.
040 _cBPK
041 _apol
942 _cKS
008 s pl f |000 0 pol
999 _c34800
_d34800
856 _uhttp://koha.tu.koszalin.pl/cgi-bin/koha/opac-detail.pl?biblionumber=34800
_yKatalog online BPK